000 00442nam a22001697a 4500
003 NUST - PNEC
005 20170116180919.0
008 150904b xxu||||| |||| 00| 0 eng d
020 _a0536020469
040 _cLIBRARY
082 _a621.3 USN
100 _97690
_aUnited States Naval Academy
245 _aElectrical fundamentals and applications II
260 _cc.1999
650 _97693
_aElectrical engineering
_xEE
942 _2ddc
_cBK
999 _c65578
_d65578